|
|
|
|
| LEADER |
00000nab a2200000 a 4500 |
| 001 |
vtls000684557 |
| 003 |
SK-MaSNL |
| 005 |
20260304083338.0 |
| 008 |
250425c1998 xo 0 slo |
| 015 |
|
|
|a SNBRB1999/01-02301
|
| 035 |
|
|
|a CLN000036724
|
| 035 |
|
|
|a urn:nbn:sk:snk-abbseg
|
| 035 |
|
|
|a (urnnbn)urn:nbn:sk:snk:ar-000x8x
|
| 035 |
|
|
|a (uuid)b68ac436-f809-4dbf-9ab2-f57e75095a01
|
| 040 |
|
|
|a SNKBUCL
|b slo
|c SNKBUCL
|e AACR2
|
| 041 |
0 |
|
|a slo
|
| 044 |
|
|
|a xo
|c SK
|
| 080 |
|
|
|a 681.128:621.317.39
|2 1997
|
| 080 |
|
|
|a 621.317.39
|2 1997
|
| 080 |
|
|
|a 53.082.7
|2 1997
|
| 100 |
1 |
|
|a Kiseľ, Dušan
|4 aut
|9 771895
|
| 245 |
1 |
0 |
|a Meranie výšky hladiny tuhých a kvapalných látok vibračnými spínačmi
|n (22)
|c Dušan Kiseľ, Juraj Kolesár
|
| 300 |
|
|
|b Obr.
|
| 650 |
0 |
7 |
|a hladina
|x výška
|x meranie priemyselné
|x spínače vibračné
|2 snkbucl
|9 890695
|
| 650 |
0 |
7 |
|a spínače vibračné
|2 snkbucl
|9 890696
|
| 655 |
|
7 |
|a články z novín a časopisov
|2 snkbucl
|9 267496
|
| 700 |
1 |
|
|a Kolesár, Juraj
|c Ing
|4 aut
|9 203154
|
| 773 |
0 |
|
|t AT&P journal
|g Roč. 5, č. 11 (1998), s. 24
|x 1335-2237
|
| 850 |
|
|
|a Slovenská národná knižnica
|
| 852 |
|
|
|a Slovenská národná knižnica
|
| 954 |
|
|
|a odborná, vedecká literatúra pôvodná (slovenská)
|2 lita
|
| 958 |
|
|
|a article15
|
| 958 |
|
|
|a OND
|
| 958 |
|
|
|a EUIPO
|
| 992 |
|
|
|a RBX
|
| 999 |
|
|
|c 2800313
|d 2802243
|